[Event "AUTO-OPEN-3015"]
[Site "http://www.queenalice.com/game.php?id=1192093"]
[Date "2013.6.18"]
[Round "1"]
[White "loicrclens"]
[Black "APSHOOTER"]
[Result "1/2-1/2"]
[WhiteElo "1928"]
[BlackElo "1701"]

1. d4 g6 2. Nf3 Bg7 3. Nc3 Nc6 4. e4 Nh6 5. Be2 O-O 6. O-O e6 7. Be3 Ng4 8. Bg5
Bf6 9. Bxf6 Qxf6 10. e5 Qg7 11. Ng5 Qh6 12. Bxg4 Qxg5 13. Ne4 Qe7 14. Nf6+ Kg7
15. h4 h5 16. Be2 b6 17. Qd2 d6 18. f4 Bd7 19. c3 Nd8 20. Rae1 Nb7 21. Bf3 Rab8
22. Qd3 Rh8 23. Qa6 d5 24. Qxa7 Bc6 25. Qa3 Qxa3 26. bxa3 Bb5 27. Be2 Bxe2 28.
Rxe2 Ra8 29. Rf3 Rxa3 30. Rb2 Na5 31. Rc2 Nc4 32. g3 1/2-1/2

[Event "AUTO-OPEN-3015"]
[Site "http://www.queenalice.com/game.php?id=1192094"]
[Date "2013.6.18"]
[Round "1"]
[White "APSHOOTER"]
[Black "loicrclens"]
[Result "0-1"]
[WhiteElo "1721"]
[BlackElo "1920"]

1. e4 e6 2. d4 d5 3. e5 c5 4. Bb5+ Nc6 5. Bxc6+ bxc6 6. Nf3 Qb6 7. O-O Nh6 8. h3
Nf5 9. c3 cxd4 10. cxd4 c5 11. b3 cxd4 12. Qd3 Ba6 13. Qd2 Bxf1 14. Kxf1 Qb5+
15. Kg1 Bc5 16. Ba3 O-O 17. Bxc5 Qxc5 18. Qb2 Rac8 19. Nbd2 Qc2 20. Qxc2 Rxc2
21. Nf1 Rfc8 22. N1d2 Rc1+ 23. Rxc1 Rxc1+ 24. Kh2 Rc2 25. a4 a5 26. g4 Nh4 27.
Nxh4 Rxd2 28. Kg2 Rd3 0-1

[Event "AUTO-MASTER-1893"]
[Site "http://www.queenalice.com/game.php?id=1192393"]
[Date "2013.6.19"]
[Round "1"]
[White "adrian_iuga"]
[Black "loicrclens"]
[Result "0-1"]
[WhiteElo "1755"]
[BlackElo "1897"]

1. e4 e6 2. d4 d5 3. exd5 exd5 4. Be2 Nc6 5. Nf3 Bd6 6. O-O Nge7 7. Bg5 O-O 8.
Re1 Re8 9. b3 Bf5 10. c4 Bb4 11. Nbd2 Qd7 12. Qc1 f6 13. Be3 Bc3 14. Qxc3 Rad8
15. c5 Bg6 16. Rad1 Nf5 17. Nf1 a6 18. Bd2 Re7 19. Ne3 Nh6 20. Nh4 Bf7 21. Qd3
Rde8 22. Kf1 Re4 23. Nf3 Ng4 24. Nxg4 Rxg4 25. Ne5 fxe5 26. Bxg4 Qxg4 27. dxe5
Nxe5 28. Qg3 Qxg3 29. hxg3 Nd3 30. Rxe8+ Bxe8 31. b4 Ba4 32. Rb1 Bb5 33. Kg1 Bc4
34. a3 c6 35. Bc3 g6 36. Bd4 Kf7 37. f3 Ke6 38. g4 Kf7 39. g3 Ke6 40. Kg2 Kf7
41. f4 Ke6 0-1

[Event "AUTO-MASTER-1893"]
[Site "http://www.queenalice.com/game.php?id=1192394"]
[Date "2013.6.19"]
[Round "1"]
[White "loicrclens"]
[Black "adrian_iuga"]
[Result "1-0"]
[WhiteElo "1907"]
[BlackElo "1745"]

1. d4 d5 2. Nf3 Nc6 3. e3 Nf6 4. c3 g6 5. Nbd2 Bg7 6. Be2 O-O 7. O-O a6 8. c4
Nb4 9. a3 Nc6 10. b4 e6 11. Bb2 Ne7 12. Ne5 Nd7 13. Nxd7 Bxd7 14. Nf3 b6 15. Qd2
Ba4 16. Rac1 c6 17. c5 a5 18. Ng5 Nf5 19. f4 Bf6 20. Nf3 Be7 21. Ne5 Qc7 22.
cxb6 Qxb6 23. Nd7 Qb7 24. Nxf8 Kxf8 25. g4 Nd6 26. Bd3 axb4 27. axb4 Bb5 28.
Bxb5 Qxb5 29. Ra1 Rb8 30. Bc3 Ne4 31. Qe1 Qd3 32. Bb2 Bxb4 33. Qh4 Qxe3+ 34. Kh1
1-0

[Event "AUTO-MASTER-1893"]
[Site "http://www.queenalice.com/game.php?id=1192409"]
[Date "2013.6.19"]
[Round "1"]
[White "animis"]
[Black "loicrclens"]
[Result "1-0"]
[WhiteElo "1960"]
[BlackElo "1935"]

1. e4 e6 2. d4 d5 3. Nc3 Bb4 4. e5 c5 5. a3 cxd4 6. axb4 dxc3 7. bxc3 Nc6 8. Nf3
Nge7 9. Bb5 Bd7 10. Qe2 Qc7 11. Bb2 O-O 12. O-O a6 13. Ba4 b5 14. Bb3 Ng6 15.
Rfe1 Nf4 16. Qe3 Ng6 17. Rad1 Rac8 18. Qg5 h6 19. Qg3 a5 20. bxa5 Nxa5 21. Rd4
Nc4 22. Bc1 Ra8 23. Rdd1 Rfb8 24. h4 Kf8 25. h5 Ne7 26. Nh4 b4 27. Qf4 Na5 28.
cxb4 Nxb3 29. cxb3 Qc3 30. Ng6+ Nxg6 31. hxg6 f6 32. exf6 Qxf6 33. Qc7 Be8 34.
Re3 Kg8 35. Rde1 Bxg6 36. Rxe6 Qf8 37. Rxg6 1-0

[Event "AUTO-MASTER-1893"]
[Site "http://www.queenalice.com/game.php?id=1192410"]
[Date "2013.6.19"]
[Round "1"]
[White "loicrclens"]
[Black "animis"]
[Result "1-0"]
[WhiteElo "1912"]
[BlackElo "1979"]

1. d4 d5 2. Nf3 Nf6 3. e3 e6 4. Bd3 c5 5. c3 Nc6 6. Nbd2 Bd6 7. O-O O-O 8. e4
dxe4 9. Nxe4 Nxe4 10. Bxe4 cxd4 11. cxd4 Be7 12. Be3 Nb4 13. a3 Nd5 14. Qc2 g6
15. Bh6 Re8 16. Ne5 Nf6 17. Bxg6 fxg6 18. Nxg6 Qxd4 19. Nxe7+ Rxe7 20. Rad1 Qh4
21. Rd8+ Re8 22. Qd2 Bd7 23. Rxa8 Ng4 24. Rxe8+ Bxe8 25. Bf4 e5 26. Bg3 Qf6 27.
Qb4 1-0

[Event "AUTO-MASTER-1893"]
[Site "http://www.queenalice.com/game.php?id=1192421"]
[Date "2013.6.19"]
[Round "1"]
[White "loicrclens"]
[Black "RenanReis"]
[Result "0-1"]
[WhiteElo "1928"]
[BlackElo "2107"]

1. d4 d5 2. Nf3 Nf6 3. e3 Bg4 4. c4 dxc4 5. Bxc4 e6 6. Nc3 Nc6 7. O-O Bd6 8. Qb3
Bxf3 9. gxf3 Na5 10. Qa4+ c6 11. Bd3 b5 12. Qc2 Qc7 13. f4 h6 14. Ne4 Nxe4 15.
Bxe4 g5 16. b4 Bxb4 17. Bd2 Bxd2 18. Qxd2 Nc4 19. Qb4 gxf4 20. exf4 f5 21. Bf3
Kf7 22. Kh1 Rac8 23. Rae1 Qxf4 24. Bh5+ Kf6 25. Rxe6+ Kg5 26. Bf7 Qf3+ 0-1

[Event "AUTO-MASTER-1893"]
[Site "http://www.queenalice.com/game.php?id=1192422"]
[Date "2013.6.19"]
[Round "1"]
[White "RenanReis"]
[Black "loicrclens"]
[Result "1-0"]
[WhiteElo "2166"]
[BlackElo "1901"]

1. e4 e6 2. d4 d5 3. Nc3 Bb4 4. Ne2 dxe4 5. a3 Bxc3+ 6. Nxc3 Nf6 7. Bg5 Nc6 8.
Bb5 Bd7 9. Nxe4 Qe7 10. c3 O-O-O 11. Qf3 a6 12. Bd3 h6 13. Bxf6 gxf6 14. Qxf6
Qxf6 15. Nxf6 Na5 16. b4 Nc6 17. O-O h5 18. Rab1 h4 19. Nxd7 Rxd7 20. b5 axb5
21. Bxb5 Rd6 22. f4 h3 23. g3 Ne7 24. Kf2 Ng8 25. Be2 Nf6 26. Bf3 b6 27. a4 Rdd8
28. Rb5 Rdg8 29. a5 bxa5 30. Bc6 Ng4+ 31. Kg1 Ne3 32. Rfb1 Nc4 33. Rb8# 1-0

[Event "AUTO-OPEN-3026"]
[Site "http://www.queenalice.com/game.php?id=1196912"]
[Date "2013.7.4"]
[Round "1"]
[White "Josecarlos"]
[Black "loicrclens"]
[Result "1-0"]
[WhiteElo "1818"]
[BlackElo "1900"]

1. e4 e6 2. d4 d5 3. e5 c5 4. c4 cxd4 5. Qxd4 Nc6 6. Qd1 Nxe5 7. cxd5 Qxd5 8.
Nd2 Nf6 9. b3 Bb4 10. f3 O-O 11. Be2 Bd7 12. Bc4 Qc5 13. Qe2 Nxc4 14. bxc4 Bc6
15. Nh3 Rfd8 16. Nf2 Rd7 17. O-O Rad8 18. Nb3 Qb6 19. Bb2 Nh5 20. Qe5 Nf6 21.
Kh1 Bd6 22. Qe2 Bf4 23. Bc3 a5 24. Bxa5 1-0

[Event "AUTO-OPEN-3026"]
[Site "http://www.queenalice.com/game.php?id=1196913"]
[Date "2013.7.4"]
[Round "1"]
[White "loicrclens"]
[Black "Josecarlos"]
[Result "1-0"]
[WhiteElo "1883"]
[BlackElo "1837"]

1. d4 e6 2. Nf3 Nf6 3. e3 d5 4. Bd3 c5 5. c3 c4 6. Bc2 Be7 7. Nbd2 O-O 8. O-O
Nc6 9. e4 h6 10. e5 Nh7 11. Re1 f6 12. exf6 Rxf6 13. Nf1 Qd6 14. Ne5 Nf8 15. Qg4
Bd7 16. Ng3 Nh7 17. Nh5 g5 18. Nxf6+ Nxf6 19. Qh3 Kg7 20. f4 Nh7 21. fxg5 Bxg5
22. Bxg5 Nxg5 23. Qh5 Be8 24. Qg4 Ne7 25. h4 Bg6 26. Bxg6 Nxg6 27. hxg5 1-0

[Event "AUTO-OPEN-3026"]
[Site "http://www.queenalice.com/game.php?id=1196933"]
[Date "2013.7.4"]
[Round "1"]
[White "loicrclens"]
[Black "SGF"]
[Result "1-0"]
[WhiteElo "1917"]
[BlackElo "1782"]

1. d4 e6 2. Nf3 f6 3. c4 Bb4+ 4. Bd2 Bxd2+ 5. Nbxd2 Nc6 6. e4 Qe7 7. Be2 Qb4 8.
Qc2 a5 9. O-O g5 10. a3 Qd6 11. d5 exd5 12. exd5 Ne5 13. Nxe5 Qxe5 14. Rfe1 Ne7
15. Bh5+ Kf8 16. Rxe5 fxe5 17. Ne4 d6 18. Nxg5 h6 19. Ne6+ Bxe6 20. dxe6 Nc6 21.
Qg6 Rg8 22. Qf7# 1-0

[Event "AUTO-OPEN-3026"]
[Site "http://www.queenalice.com/game.php?id=1196942"]
[Date "2013.7.4"]
[Round "1"]
[White "valdenicio"]
[Black "loicrclens"]
[Result "0-1"]
[WhiteElo "1787"]
[BlackElo "1896"]

1. Nf3 d5 2. d4 c6 3. Bf4 Bf5 4. e3 e6 5. Bd3 Bxd3 6. Qxd3 Bd6 7. O-O Nf6 8.
Bxd6 Qxd6 9. Nbd2 O-O 10. Ne5 Nbd7 11. Ndf3 c5 12. c3 cxd4 13. exd4 Ne4 14. Nxd7
Qxd7 15. Ne5 Qe7 16. Rae1 f6 17. Ng4 Rae8 18. f3 Ng5 19. Re2 f5 20. Nf2 Nf7 21.
Rfe1 Nd8 22. c4 dxc4 23. Qxc4 Qd6 24. Nd3 Rf6 25. Nc5 b6 26. Nd3 Nc6 27. d5 Na5
28. Qd4 Rh6 29. f4 Nb7 0-1

[Event "AUTO-OPEN-3026"]
[Site "http://www.queenalice.com/game.php?id=1196943"]
[Date "2013.7.4"]
[Round "1"]
[White "loicrclens"]
[Black "valdenicio"]
[Result "1-0"]
[WhiteElo "1908"]
[BlackElo "1775"]

1. d4 Nf6 2. Nf3 d5 3. e3 Bf5 4. c4 e6 5. Qb3 Qc8 6. Nc3 c6 7. Be2 Be7 8. O-O
O-O 9. Ne5 Nbd7 10. Nxd7 Qxd7 11. Bd2 Rab8 12. Rac1 dxc4 13. Bxc4 b5 14. Be2 a6
15. Bf3 c5 16. e4 c4 17. Qc2 Bg6 18. Be3 b4 19. Ne2 Rfc8 20. Rcd1 b3 21. axb3
cxb3 22. Qb1 Bb4 23. Nf4 Rc2 24. Nxg6 hxg6 25. d5 1-0

[Event "Challenge"]
[Site "http://www.queenalice.com/game.php?id=1205091"]
[Date "2013.8.4"]
[Round "-"]
[White "Zoe"]
[Black "loicrclens"]
[Result "1-0"]
[WhiteElo "1880"]
[BlackElo "1919"]

1. d4 e6 2. Nf3 Nf6 3. e3 Ne4 4. Nbd2 f5 5. Nxe4 fxe4 6. Nd2 d5 7. c4 Qg5 8. c5
Be7 9. f3 Qxe3+ 10. Qe2 Qxe2+ 11. Bxe2 exf3 12. Nxf3 O-O 13. O-O Nd7 14. Bg5 Nf6
15. Ne5 c6 16. Rf4 Bd8 17. Raf1 b6 18. Nxc6 1-0

[Event "AUTO-OPEN-3026"]
[Site "http://www.queenalice.com/game.php?id=1225282"]
[Date "2013.10.17"]
[Round "2"]
[White "SportRecife"]
[Black "loicrclens"]
[Result "1-0"]
[WhiteElo "2042"]
[BlackElo "1958"]

1. e4 e6 2. Nc3 d5 3. exd5 exd5 4. d4 Nc6 5. Bb5 Bb4 6. Bxc6+ bxc6 7. Bd2 Ne7 8.
h3 Bf5 9. Nf3 Qd7 10. Ne5 Qe6 11. O-O O-O 12. Re1 Ng6 13. g4 Bxg4 14. Nxg4 Qd7
15. a3 Bd6 16. Qf3 Nh4 17. Qd3 Rfe8 18. Bg5 Nf5 19. Nd1 Rab8 20. Nc3 Rxb2 21.
Rxe8+ Qxe8 22. Qxf5 1-0

[Event "AUTO-OPEN-3026"]
[Site "http://www.queenalice.com/game.php?id=1225283"]
[Date "2013.10.17"]
[Round "2"]
[White "loicrclens"]
[Black "SportRecife"]
[Result "0-1"]
[WhiteElo "1945"]
[BlackElo "2073"]

1. d4 d5 2. Nf3 c5 3. e3 cxd4 4. exd4 Nc6 5. c3 Nf6 6. Bd3 Bg4 7. h3 Bxf3 8.
Qxf3 e6 9. Bg5 Be7 10. O-O O-O 11. Nd2 a6 12. Qe2 h6 13. Bh4 Re8 14. Nf3 Qb6 15.
Rfe1 Rac8 16. Bg3 Bd8 17. Ne5 Bc7 18. Rab1 Rcd8 19. Qf3 Rf8 20. Bf4 Bxe5 21.
Bxe5 Nxe5 22. Rxe5 Qc7 23. Rbe1 Qb6 24. R1e2 Rfe8 25. Qg3 Qc7 26. f4 Qb6 27. f5
exf5 28. Bxf5 Rxe5 29. Rxe5 Qxb2 0-1

[Event "AUTO-OPEN-3015"]
[Site "http://www.queenalice.com/game.php?id=1251211"]
[Date "2014.1.25"]
[Round "3"]
[White "Luc_2010"]
[Black "loicrclens"]
[Result "1-0"]
[WhiteElo "2305"]
[BlackElo "1932"]

1. g4 e6 2. Bg2 d5 3. Nf3 c5 4. Nc3 Nc6 5. d3 Bd6 6. Bd2 Nge7 7. Nb5 O-O 8. c4
d4 9. h4 a6 10. Nxd6 Qxd6 11. h5 1-0

[Event "AUTO-OPEN-3015"]
[Site "http://www.queenalice.com/game.php?id=1251212"]
[Date "2014.1.25"]
[Round "3"]
[White "loicrclens"]
[Black "Luc_2010"]
[Result "0-1"]
[WhiteElo "1930"]
[BlackElo "2306"]

1. d4 g6 2. Nf3 Bg7 3. c4 d6 4. e4 Nf6 5. Nc3 O-O 6. Be2 c5 7. d5 Qb6 8. O-O Bg4
9. h3 Bxf3 10. Bxf3 Nfd7 11. Be2 Bxc3 12. bxc3 Nf6 0-1